| 000 | 01052cam a22003135i 4500 | ||
|---|---|---|---|
| 999 |
_c28635 _d28606 |
||
| 003 | EG-ScBUE | ||
| 005 | 20200831135110.0 | ||
| 008 | 090819s2010 njuac f b 001 0 eng d | ||
| 020 | _a9780470553053 (pbk.) | ||
| 020 | _a0470553057 (pbk.) | ||
| 040 |
_aStDuBDS _beng _erda _cStDuBDS _dUk _dEG-ScBUE |
||
| 082 | 0 | 4 |
_a155.2 _bPER _222 |
| 100 | 1 |
_aPervin, Lawrence A. _eauthor. |
|
| 245 | 1 | 0 |
_aPersonality : _btheory and research / _cLawrence A. Pervin, Daniel Cervone. |
| 250 | _aEleventh edition. | ||
| 250 | _aInternational student edition. | ||
| 264 | 1 |
_aNew Jersey : _bJOHN WILEY & SONS _c2010. |
|
| 300 |
_axiii, 604 pages : _billustrations, ports. ; _c26 cm |
||
| 336 |
_atext _btxt _2rdacontent |
||
| 337 |
_aunmediated _bn _2rdamedia |
||
| 338 |
_avolume _bnc _2rdacarrier |
||
| 500 | _aPrevious ed.: 2008. | ||
| 504 | _aIncludes bibliographical references and index. | ||
| 650 | 7 |
_aPersonality. _2BUEsh |
|
| 650 | 7 |
_aIndividuality. _2BUEsh _940756 |
|
| 653 |
_bBUSADM _cAugust2020 |
||
| 700 | 1 |
_aCervone, Daniel, _eauthor. |
|
| 942 |
_2ddc _cBB |
||